Metodología técnica para elaborar adoquines
Metodología técnica para elaborar adoquines, es el resultado de las investigaciones técnicas llevadas a cabo para contribuir con una propuesta al proceso de tecnología constructiva del adoquín en nuestro país. Propuesta en la que se incluye los ensayos, especificaciones y requisitos que debe c...
| Main Authors: | , |
|---|---|
| Other Authors: | |
| Format: | Tesis Section = Libro |
| Language: | Undetermined Spanish |
| Published: |
Managua
UNI
2005
|
| Subjects: |
| LEADER | 01181nam a2200265Ia 4500 | ||
|---|---|---|---|
| 008 | 240830s9999 xx 000 0 und d | ||
| 040 | |a BIBLIOTECA-RUPAP Mon 693 J37 | ||
| 041 | |a spa | ||
| 082 | |a Mon 693 J37 | ||
| 100 | 1 | |a Jara Ruiz, José Dolores | |
| 100 | 1 | |b Fonseca Peña, Sergio Alberto | |
| 245 | 1 | 0 | |a Metodología técnica para elaborar adoquines |
| 260 | |a Managua |b UNI |c 2005 | ||
| 300 | |a 94 p. :il. | ||
| 502 | |a Tesis (Ingeniero Civil)- UNI, 2005. | ||
| 520 | 3 | |a Metodología técnica para elaborar adoquines, es el resultado de las investigaciones técnicas llevadas a cabo para contribuir con una propuesta al proceso de tecnología constructiva del adoquín en nuestro país. Propuesta en la que se incluye los ensayos, especificaciones y requisitos que debe cumplir los materiales componentes del adoquín, así como su colocación en el sitio. | |
| 650 | 7 | |a MATERIALES PARA PROPÓSITOS ESPECÍFICOS - ADOQUIN | |
| 650 | 7 | |b CEMENTO | |
| 650 | 7 | |c AGREGADOS | |
| 650 | 7 | |d ADOQUINES DE CONCRETOS | |
| 650 | 7 | |e PROCESO DE FABRICACIÓN - ADOQUIN | |
| 700 | 1 | |a Tutor: |b Gutiérrez Herrera, Róger | |
| 942 | |c BK |2 ddc | ||
| 991 | |a TESIS | ||
| 999 | |c 17888 | ||